Josef Müller: příběh čs. židovského vojáka druhé světové války /
Uloženo v:
| Hlavní autor: | |
|---|---|
| Médium: | Kniha |
| Jazyk: | Czech |
| Vydáno: |
Cheb : Praha :
SK ; Ústav pro studium totalitních režimů,
2020
|
| Vydání: | 1. vydání |
| Témata: | |
| Celkem bylo vypůjčeno: | 6x |
| Tagy: |
Žádné tagy |
| LEADER | 01935nam a2200481 i 4500 | ||
|---|---|---|---|
| 001 | 94824 | ||
| 003 | CZ PrSKC | ||
| 005 | 20210128124009.0 | ||
| 007 | ta | ||
| 008 | 201125s2020 xr ach e 000 0bcze d | ||
| 020 | |a 9788075730800 |q (Svět křídel ; |q vázáno) | ||
| 020 | |a 9788088292708 |q (Ústav pro studium totalitních režimů ; |q vázáno) : |c Kč 270.00 | ||
| 040 | |a KLG001 |b cze |e rda | ||
| 072 | 7 | |a 355/359 |x Vojenství. Obrana země. Ozbrojené síly |2 Konspekt |9 15 | |
| 072 | 7 | |a 929 |x Biografie |2 Konspekt |9 8 | |
| 080 | |a (=411.16) |2 MRF | ||
| 080 | |a 355.11(=411.16) |2 MRF | ||
| 080 | |a 355.48(100)"1939/1945" |2 MRF | ||
| 080 | |a 929 |2 MRF | ||
| 080 | |a (439) |2 MRF | ||
| 080 | |a (437) |2 MRF | ||
| 080 | |a (0:82-94) |2 MRF | ||
| 100 | 1 | |a Klůc, Jiří, |d 1996- |7 xx0202506 |4 aut |9 111925 | |
| 245 | 1 | 0 | |a Josef Müller: příběh čs. židovského vojáka druhé světové války / |c Jiří Klůc |
| 250 | |a 1. vydání | ||
| 264 | 1 | |a Cheb : |b SK ; |a Praha : |b Ústav pro studium totalitních režimů, |c 2020 | |
| 300 | |a 159 stran : |b ilustrace, portréty, faksimile ; |c 24 cm | ||
| 336 | |a text |b txt |2 rdacontent | ||
| 337 | |a bez média |b n |2 rdamedia | ||
| 338 | |a svazek |b nc |2 rdacarrier | ||
| 500 | |a 500 výtisků | ||
| 500 | |a Na hřbetu označení: 293 | ||
| 504 | |a Obsahuje bibliografii | ||
| 600 | 1 | 4 | |a Müller, Josef, |d 1920- |7 mzk2007377580 |2 czenas |9 111926 |
| 648 | 7 | |a 1939-1945 |7 ch460653 |2 czenas |9 52982 | |
| 650 | 0 | 7 | |a Židé |7 ph127782 |z Maďarsko |2 czenas |
| 650 | 0 | 7 | |a židovští vojáci |7 ph626294 |y 1939-1945 |2 czenas |
| 650 | 0 | 7 | |a druhá světová válka (1939-1945) |7 ph117270 |z Československo |2 czenas |
| 655 | 7 | |a autobiografické vzpomínky |7 fd131854 |2 czenas |9 53458 | |
| 910 | |a UOG502 | ||
| 942 | |2 ddc |c KN | ||
| 999 | |d 94824 | ||
| 993 | |0 0 |1 421180095246 |2 ddc |4 0 |6 355_359000000000000 |7 0 |9 83088 |b 0 |c 95246 |d 2021-01-28 |e 6 |f DOSP |g 355/359 |h 270.00 |i Koupě |l DOSP |m 4 |r 2026-03-26 |s 2026-03-10 |t 5 |w 2021-01-28 |y KN |z NAUCNA | ||